Islamic roots of capitalism : Egypt, 1760-1840 / (Record no. 8810)
[ view plain ]
| 000 -LEADER | |
|---|---|
| fixed length control field | 00917nac a22002411u 4500 |
| 010 ## - LIBRARY OF CONGRESS CONTROL NUMBER | |
| LC control number | 008738150 |
| 020 ## - INTERNATIONAL STANDARD BOOK NUMBER | |
| International Standard Book Number | 0292703333 |
| 082 ## - DEWEY DECIMAL CLASSIFICATION NUMBER | |
| Classification number | 330.1220962 |
| Item number | GRA |
| 090 ## - LOCALLY ASSIGNED LC-TYPE CALL NUMBER (OCLC); LOCAL CALL NUMBER (OCLC) | |
| -- | 8810 |
| -- | 8810 |
| 100 ## - MAIN ENTRY--PERSONAL NAME | |
| Personal name | Gran, Peter, |
| 245 ## - TITLE STATEMENT | |
| Title | Islamic roots of capitalism : Egypt, 1760-1840 / |
| Statement of responsibility, etc | by Peter Gran ; foreword by Afaf Lutfi Al-Sayyid Marsot. |
| 260 ## - PUBLICATION, DISTRIBUTION, ETC. (IMPRINT) | |
| Place of publication, distribution, etc | Austin ; London : |
| Name of publisher, distributor, etc | University of Texas Press, c1979. |
| Date of publication, distribution, etc | c1979. |
| 300 ## - PHYSICAL DESCRIPTION | |
| Extent | xvii,278p. ; |
| Other physical details | 24cm. |
| 490 ## - Series Statement | |
| Series statement | ( Modern Middle East series ; ) |
| Volume/sequential designation | no.4 |
| 500 ## - GENERAL NOTE | |
| General note | Distributer: Baccah. |
| 504 ## - BIBLIOGRAPHY, ETC. NOTE | |
| Bibliography, etc | Bibliography: p257-270. _ Includes index. |
| 511 ## - PARTICIPANT OR PERFORMER NOTE | |
| Participant or performer note | Catalogued By: Mahitab. |
| 650 ## - SUBJECT ADDED ENTRY--TOPICAL TERM | |
| Topical term or geographic name as entry element | Capitalism -- History. |
| 650 ## - SUBJECT ADDED ENTRY--TOPICAL TERM | |
| Topical term or geographic name as entry element | Egypt -- History -- 1517-1882. |
| 650 ## - SUBJECT ADDED ENTRY--TOPICAL TERM | |
| Topical term or geographic name as entry element | Egypt -- Economic conditions -- 1517-1882. |
| 650 ## - SUBJECT ADDED ENTRY--TOPICAL TERM | |
| Topical term or geographic name as entry element | Egypt Capitalism 1760-1840 Socioeconomic aspects |
| 942 ## - ADDED ENTRY ELEMENTS (KOHA) | |
| Item type | Book - Borrowing |
| Call number prefix | 330.1220962 GRA |
| Withdrawn status | Item status | Damaged status | Not for loan | Home library | Current library | Shelving location | Date acquired | Source of acquisition | Total Checkouts | Full call number | Barcode | Date last seen | Date last borrowed | Koha item type | Cost, replacement price |
|---|---|---|---|---|---|---|---|---|---|---|---|---|---|---|---|
| Central Library | Central Library | First floor | 25/03/2008 | Purchase | 1 | 330.1220962 GRA | 000010711 | 15/07/2025 | 19/12/2012 | Book - Borrowing | |||||
| Central Library | Central Library | First floor | 25/03/2008 | Purchase | 330.1220962 GRA | 000011698 | 15/07/2025 | Book - Borrowing | 80.00 |